BIBLIOTECA

SENCICO

Electricidad del automóvil : Alimentación y arranque (Registro nro. 910)

Detalles MARC
000 -LEADER
fixed length control field 01087nam a2200385Ia 4500
005 - DATE AND TIME OF LATEST TRANSACTION
control field 20251020182453.0
008 - FIXED-LENGTH DATA ELEMENTS--GENERAL INFORMATION
fixed length control field 200515s9999 xx 000 0 und d
020 ## - INTERNATIONAL STANDARD BOOK NUMBER
International Standard Book Number 84-329-1002-3
082 ## - DEWEY DECIMAL CLASSIFICATION NUMBER
Classification number 621.41.032/C29
100 ## - MAIN ENTRY--PERSONAL NAME
Personal name Coll Coll, D. Antonio
100 ## - MAIN ENTRY--PERSONAL NAME
Personal name De Castro Vicente, D. Miguel
100 ## - MAIN ENTRY--PERSONAL NAME
Personal name Estévez Somolinos, D. Segundo
100 ## - MAIN ENTRY--PERSONAL NAME
Personal name Miguel Vidal, Ricardo
100 ## - MAIN ENTRY--PERSONAL NAME
Personal name Rodríguez Fernández, D. Jaime
100 ## - MAIN ENTRY--PERSONAL NAME
Personal name Villalta Esquius, D. Juan
245 #0 - TITLE STATEMENT
Title Electricidad del automóvil : Alimentación y arranque
250 ## - EDITION STATEMENT
Edition statement 10a ed.
260 ## - PUBLICATION, DISTRIBUTION, ETC.
Place of publication, distribution, etc. Barcelona
260 ## - PUBLICATION, DISTRIBUTION, ETC.
Name of publisher, distributor, etc. CEAC
260 ## - PUBLICATION, DISTRIBUTION, ETC.
Date of publication, distribution, etc. 1980
300 ## - PHYSICAL DESCRIPTION
Extent 716 p.
300 ## - PHYSICAL DESCRIPTION
Other physical details tbl., graf.
490 ## - SERIES STATEMENT
Series statement ENCICLOPEDIA CEAC DEL MOTOR Y AUTOMOVIL
500 ## - GENERAL NOTE
General note 1 ejemplar
650 ## - SUBJECT ADDED ENTRY--TOPICAL TERM
Topical term or geographic name entry element DICCIONARIO DEL AUTOMOVIL
650 ## - SUBJECT ADDED ENTRY--TOPICAL TERM
Topical term or geographic name entry element ELECTRICIDAD DEL AUTOMOVIL
650 ## - SUBJECT ADDED ENTRY--TOPICAL TERM
Topical term or geographic name entry element HISTORIA DEL AUTOMOVIL
650 ## - SUBJECT ADDED ENTRY--TOPICAL TERM
Topical term or geographic name entry element MOTORES
650 ## - SUBJECT ADDED ENTRY--TOPICAL TERM
Topical term or geographic name entry element MOTORES DE DOS TIEMPOS
650 ## - SUBJECT ADDED ENTRY--TOPICAL TERM
Topical term or geographic name entry element MOTORES DE GASOLINA
650 ## - SUBJECT ADDED ENTRY--TOPICAL TERM
Topical term or geographic name entry element MOTORES DIESEL
650 ## - SUBJECT ADDED ENTRY--TOPICAL TERM
Topical term or geographic name entry element TRANSMISIONES Y BASTIDORES
942 ## - ADDED ENTRY ELEMENTS (KOHA)
Koha item type Libros
Existencias
Fecha de la última vez que lo usaron Pago total Signatura topográfica completa Código de barras Precio efectivo desde Tipo de documento Estado perdido Estado dañado No es para préstamo Retirado Ubicación permanente Ubicación actual Fecha de adquisición
15/05/2020   621.41.032/C29 Bib-Lima15050910 15/05/2020 Libros         Biblioteca Central Lima Biblioteca Central Lima 15/05/2020